00880nam a22001577a 4500003000900000005001700009008004100026040001300067100001700080245001600097250000600113260007000119300002100189490001300210520049900223IT-RoPau20220918175938.0130124b xxu||||| |||| 00| 0 eng d cIT-RoPau aMerlo, Tecla aDonna forte aI aRoma, Via TiburtinabG.A.I. S.p.a - Stabilimento Apollonc?1964? as.n.p.c24, 5 cm v8° Vol. aIndice Donna forte 1914 - L'albero buono Tu conosci il mio cammino e il corso della mia vita Ecco l'ancella del Signore 1918 Il mio Dio è sostegno della mia speranza La donna forte Il suo linguaggio Il suo sguardo La sua gioia Compiendo la carità nella verità Cittadina del mondo intero Come la rena del mare Il suo grande cuore ha fatto questo 5 Febbraio 1964 - La Rima Maestra é entrata nella luce Questo è opera del Signore ed' è opera meravigliosa ai nostri occhi